Kajian konsep "right person for the right job" di dalam konteks perlaksanaan latihan pegawai Tentera Darat /
محفوظ في:
| المؤلف الرئيسي: | |
|---|---|
| التنسيق: | أطروحة كتاب |
| اللغة: | Malay |
| منشور في: |
2000
|
| الموضوعات: | |
| الوسوم: |
إضافة وسم
لا توجد وسوم, كن أول من يضع وسما على هذه التسجيلة!
|
| LEADER | 01342cam a2200313 a 4500 | ||
|---|---|---|---|
| 001 | u466332 | ||
| 003 | SIRSI | ||
| 008 | 980312s2000 my a t 00 0 may m | ||
| 035 | |a ACL-6379 | ||
| 040 | |a UMK |d UMM | ||
| 043 | |a a-my--- | ||
| 090 | |a HD31 |b UM 2000 Mohaal | ||
| 098 | |a HD31 |b UM 2000 Mohall | ||
| 100 | 0 | 0 | |a Mohd. Adzhar Abd. Latif. |
| 245 | 1 | 0 | |a Kajian konsep "right person for the right job" di dalam konteks perlaksanaan latihan pegawai Tentera Darat / |c oleh Mohd. Adzhar bin Abd. Latif. |
| 260 | |c 2000 | ||
| 300 | |a vi, 120 leaves : |b ill. ; |c 30 cm. | ||
| 502 | |a Dissertation (M.Mgmt.) -- Fakulti Perniagaan dan Perakaunan, Universiti Malaya, 2001. | ||
| 504 | |a Bibliography: leaves 109-113. | ||
| 610 | 1 | 0 | |a Malaysia. |b Tentera Darat |x Recruiting, enlistment, etc. |
| 650 | 0 | |a Occupational training, Military |z Malaysia. | |
| 650 | 0 | |a Employee selection |z Malaysia |x Case studies. | |
| 650 | 0 | |a Employees |x Recruiting |z Malaysia |x Case studies. | |
| 710 | 2 | 0 | |a Universiti Malaya. |b Fakulti Perniagaan dan Perakaunan. |
| 856 | |f IARC:A511961149 |z Click Here for Abstract and Table of Contents | ||
| 948 | |a 01/08/2000 |b 12/08/2004 | ||
| 596 | |a 1 19 | ||
| 999 | |a HD31 UM 2000 MOHAAL |w LC |c 1 |i A510951312 |l STACKS |m P01UTAMA |r Y |s Y |t TESIS |u 16/8/2004 | ||
| 999 | |a HD31 UM 2000 MOHALL |w LC |c 1 |i A511168346 |l STACKS |m P19KOTA |r Y |s Y |t TESIS |u 10/4/2004 | ||
